[Event "GBR-ch Major op 109th"]
[Site "Leicester"]
[Date "2023.07.25"]
[Round "4"]
[White "Twisk, Sebastian"]
[Black "Berkley, Stephen W"]
[Result "1-0"]
[WhiteElo "1599"]
[BlackElo "1587"]
[PlyCount "43"]
[EventDate "2023.07.22"]
[EventType "swiss"]
[EventRounds "9"]
[EventCountry "ENG"]
[SourceTitle "EXT 2024"]
[Source "ChessBase"]
[SourceDate "2023.10.10"]
[SourceVersion "1"]
[SourceVersionDate "2023.10.10"]
[SourceQuality "1"]

1. e4 e6 2. d4 d5 3. Nd2 Nf6 4. e5 Nfd7 5. Bd3 c5 6. c3 Nc6 7. Ne2 c4 8. Bc2 b5 9. a3 a5 10. f4 g6 11. Nf3 Rb8 12. g4 h5 13. Ng5 hxg4 14. Ng3 Nb6 15. Qxg4 f5 16. exf6 Qxf6 17. Nf3 Rg8 18. Ne5 Ne7 19. h4 Rb7 20. h5 Kd8 21. hxg6 Kc7 22. Nh5 1-0